| 000 | 00000nam 2200000za 4500 |
| 001 | 9.838134 |
| 003 | CaOODSP |
| 005 | 20221107151316 |
| 007 | cr ||||||||||| |
| 008 | 170612s1982 oncd #o f000 0 eng d |
| 040 | |aCaOODSP|beng |
| 043 | |an-cn--- |
| 086 | 1 |aR5-251/1982E-PDF |
| 245 | 00|aAnnual report statistics on band financial administration |h[electronic resource] : |bfiscal year 1980-81. |
| 246 | 10|aStatistics on band financial administration |
| 260 | |a[Ottawa?] : |bDept. of Indian Affairs and Northern Development, Band Fiscal Administration Division, Fund Accounting Directorate, |c1982. |
| 300 | |a39, [3] p. : |bgraphs |
| 500 | |a"October 1982." |
| 500 | |aDigitized edition from print [produced by Indigenous and Northern Affairs Canada]. |
| 520 | |a"In the past, the Band Financial Administration Division has prepared its annual report describing in general terms the bands accounting system and internal control on a regional basis. The most recent annual report, that is for the 1980-81 fiscal year, is quite different from previous reports both in its format and content."--Executive Summary, p. 1a. |
| 692 | 07|2gccst|aIndians |
| 692 | 07|2gccst|aFinancial management |
| 692 | 07|2gccst|aAnnual reports |
| 710 | 1 |aCanada. |bIndian and Northern Affairs Canada. |
| 856 | 40|qPDF|s3.22 MB|uhttps://publications.gc.ca/collections/collection_2017/aanc-inac/R5-251-1982-eng.pdf |